المبادئ القانونية لمحكمة التمييز في القضايا الحقوقية المنشورة في مجلة نقابة المحامين منذ سنة 1981 حتى نهاية سنة 1985، الجزء الخامس - القسم الثاني (خ - ي ) (Record no. 23866)
[ view plain ]
| 000 -LEADER | |
|---|---|
| fixed length control field | 01069nam a2200205Ii 4500 |
| 003 - CONTROL NUMBER IDENTIFIER | |
| control field | JO-AjNU |
| 008 - FIXED-LENGTH DATA ELEMENTS--GENERAL INFORMATION | |
| fixed length control field | 230605s9999||||xx |||||||||||||| ||und|| |
| 040 ## - CATALOGING SOURCE | |
| Original cataloging agency | JO-AjNU |
| Language of cataloging | ara |
| Description conventions | rda |
| Transcribing agency | JO-AjNU |
| 041 ## - LANGUAGE CODE | |
| Language code of text/sound track or separate title | ara |
| 050 14 - LIBRARY OF CONGRESS CALL NUMBER | |
| Classification number | KMM4405.J67.1985 |
| 100 3# - MAIN ENTRY--PERSONAL NAME | |
| Personal name | أعداد مزاوي ، منير ، سالم ، توفيق , |
| Relator term | author |
| 9 (RLIN) | 46625 |
| 245 00 - TITLE STATEMENT | |
| Title | المبادئ القانونية لمحكمة التمييز في القضايا الحقوقية المنشورة في مجلة نقابة المحامين منذ سنة 1981 حتى نهاية سنة 1985، الجزء الخامس - القسم الثاني (خ - ي ) |
| 250 ## - EDITION STATEMENT | |
| Edition statement | (د،ط) |
| 264 31 - PRODUCTION, PUBLICATION, DISTRIBUTION, MANUFACTURE, AND COPYRIGHT NOTICE | |
| Place of production, publication, distribution, manufacture | عمان : نقابة المحامين ، 1985 |
| 300 ## - PHYSICAL DESCRIPTION | |
| Extent | ج5، القسم الثاني (ح-ي)، 638ص |
| 336 ## - CONTENT TYPE | |
| Content type term | text |
| Content type code | txt |
| Source | rdacontent |
| 337 ## - MEDIA TYPE | |
| Media type term | unmediated |
| Media type code | n |
| Source | rdamedia |
| 338 ## - CARRIER TYPE | |
| Carrier type term | volume |
| Carrier type code | nc |
| Source | rdacarrier |
| 650 #4 - SUBJECT ADDED ENTRY--TOPICAL TERM | |
| Topical term or geographic name entry element | محاكم النقض والإبرام -- الأردن -- الأردن. محكمة التمييز -- مجلة نقابة المحاميين (عمان، الأردن) |
| 9 (RLIN) | 46626 |
| Withdrawn status | Lost status | Source of classification or shelving scheme | Damaged status | Not for loan | Home library | Current library | Shelving location | Date acquired | Total Checkouts | Full call number | Barcode | Date last seen | Price effective from | Koha item type |
|---|---|---|---|---|---|---|---|---|---|---|---|---|---|---|
| Library of Congress Classification | مكتبة جامعة عجلون الوطنية | مكتبة جامعة عجلون الوطنية | المجموعات العامة | 06/06/2023 | KMM4405.J67.1985 | A20298 | 06/06/2023 | 06/06/2023 | Books |